| 000 | 00702nam a2200217 i 4500 | ||
|---|---|---|---|
| 001 | 178592 | ||
| 003 | ES-MaACL | ||
| 005 | 20230906220552.0 | ||
| 008 | 110608s2001 sp h r |||| | spa d | ||
| 020 | _a84-8127-118-7 | ||
| 080 | _a821.134.2-96"19" | ||
| 100 | 1 |
_aOrtega Costa, Juan. _987449 |
|
| 245 | 1 | 0 |
_aNuevo diálogo de las lenguas / _cJuan Ortega Costa. |
| 260 |
_aHuesca : _bFundación Joaquín Costa : _bInstituto de Estudios Altoaragoneses, _c2001. |
||
| 300 |
_aXV, 205 p. ; _c20 cm. |
||
| 534 |
_pReprod. facs. de la ed. de: _cZaragoza : Eleusis, 1949. |
||
| 655 | 7 |
_2tgfbne _9226495 _aFacsímiles |
|
| 852 |
_aES-MaACL _jE-15360 |
||
| 942 | _2udc | ||
| 999 |
_c178592 _d178592 |
||